[Event "8th Palmanova Open 2019"]
[Site "Palmanova"]
[Date "2019.12.06"]
[Round "1.1"]
[White "Kobal, Sasa"]
[Black "Savanovic, Aleksandar"]
[Result "1-0"]
[WhiteElo "2100"]
[BlackElo "2420"]
[Annotator "NA"]
[PlyCount "33"]
[EventDate "2019.12.06"]
[EventType "swiss"]
[EventCountry "ITA"]
[SourceTitle "playchess.com"]
[Source "ChessBase"]
[SourceQuality "1"]
[TimeControl "5400+30"]

1. d4 {[%emt 0:00:00]} f5 {[%emt 0:00:24]} 2. Nf3 {[%emt 0:01:13]} Nf6 {[%emt 0:00:11]} 3. b3 {[%emt 0:02:11]} e6 {[%emt 0:02:08]} 4. Bb2 {[%emt 0:01:08]} d5 {[%emt 0:09:10]} 5. Nbd2 {[%emt 0:03:17]} Bd6 {[%emt 0:03:53]} 6. e3 {[%emt 0:03:35]} O-O {[%emt 0:00:14]} 7. c4 {[%emt 0:05:36]} c6 {[%emt 0:00:09]} 8. Bd3 {[%emt 0:02:42]} Ne4 {[%emt 0:04:30]} 9. O-O {[%emt 0:02:34]} Nd7 {[%emt 0:00:35]} 10. Ne5 {[%emt 0:05:02]} Qf6 {[%emt 0:04:06]} 11. f4 {[%emt 0:11:10]} g5 {[%emt 0:11:34]} 12. Bxe4 {[%emt 0:04:37]} fxe4 {[%emt 0:00:10]} 13. Qh5 {[%emt 0:11:45]} Be7 {[%emt 0:00:12]} 14. fxg5 {[%emt 0:02:57]} Qxg5 {[%emt 0:09:44]} 15. Rxf8+ {[%emt 0:00:57]} Nxf8 {[%emt 0:01:11]} 16. Qf7+ {[%emt 0:00:04]} Kh8 {[%emt 0:00:06]} 17. Qxf8+ {[%emt 0:00:03]} 1-0

[Event "8th Palmanova Open 2019"]
[Site "Palmanova"]
[Date "2019.12.06"]
[Round "1.2"]
[White "Zamengo, Fulvio"]
[Black "Savanovic, Maksim"]
[Result "1/2-1/2"]
[WhiteElo "2357"]
[BlackElo "2062"]
[Annotator "TA"]
[PlyCount "84"]
[EventDate "2019.12.06"]
[EventType "swiss"]
[EventCountry "ITA"]
[SourceTitle "playchess.com"]
[Source "ChessBase"]
[SourceQuality "1"]

{[%evp 11,84,23,55,48,50,50,54,56,46,45,64,30,49,56,66,76,68,65,155,161,295,74,72,68,82,77,77,83,461,189,170,61,61,56,52,52,55,25,25,5,10,16,8,0,0,-22,14,0,106,8,15,27,62,10,65,0,0,0,0,0,427,0,0,0,0,0,0,0,0,0,0,0,0,0,0]} 1. e4 c6 2. d4 d5 3. e5 Bf5 4. Nf3 e6 5. Be2 Nd7 6. O-O Be7 7. a4 {[%cal Ba2a4,Ba4a5][%mdl 32] B12: Caro-Kann: Advance Variation} h5 8. a5 Nh6 9. c4 {White is slightly better.} dxc4 $146 ({Predecessor:} 9... Bxb1 10. Bxh6 Be4 11. Be3 dxc4 12. Nd2 Bd5 13. Bxc4 Nb8 14. Qb3 Qd7 15. Bxd5 cxd5 {1-0 (41) Navara,D (2726)-Rasmussen,A (2542) Heraklio 2017}) 10. Nbd2 Bg6 11. Bxc4 Nf5 12. Re1 h4 13. Qb3 Qc7 14. Ne4 Nf8 (14... b5 $14 15. axb6 Qxb6) 15. Bf4 $1 $16 Bh5 (15... Rd8 $142) 16. Nd6+ $2 (16. d5 $1 $18 {[%cal Rd5d6]} cxd5 17. Bb5+ Nd7 18. Nd6+ $1 {[%mdl 512]} Kf8 19. Rec1) 16... Nxd6 17. exd6 Bxd6 18. Bxd6 Qxd6 {[#]} 19. d5 $1 {[%cal Rd5e6]} (19. Nxh4 O-O-O $11) (19. Qxb7 Rb8 $11) 19... Rh6 $2 {[%mdl 8192]} (19... Bxf3 $16 20. Qxf3 (20. gxf3 cxd5 21. Bxd5 Rd8 $14) (20. dxe6 Nxe6 21. Qxf3 O-O $11) 20... cxd5 21. Bxd5 Rd8 22. Bxb7 f6) 20. Qxb7 (20. Nd4 $142 Qd7 21. dxe6 fxe6 22. Bxe6 Nxe6 23. Nxe6 Rxe6 24. Rxe6+ Kf8 25. Qb4+ Kg8 26. Re7) 20... Rb8 $18 21. Qxc6+ (21. Qxa7 $18 Bxf3 22. dxe6 (22. gxf3 Qf4 $16) 22... Nxe6 23. gxf3 Rg6+ 24. Kh1) 21... Qxc6 $14 22. dxc6 {Black must now prevent Nd4.} Bxf3 $1 23. gxf3 {c7 is the strong threat.} Kd8 $1 24. b3 Kc7 25. Red1 Rh5 26. Rd4 Kxc6 27. Rc1 {aiming for b4.} Rc5 28. Rc2 Rb7 29. Rxh4 Rd7 (29... Kd6 $11) 30. Rh8 (30. b4 $16 Rg5+ 31. Rg4 Rxg4+ 32. fxg4) 30... Rd1+ $11 31. Kg2 Rg5+ $1 32. Kh3 Ng6 33. Bxe6+ (33. Bd3+ $1 $14 Kd7 34. Bxg6 Rxg6 35. Ra8) 33... Kd6 $1 34. Rd8+ Kxe6 35. Rxd1 {[%mdl 4096] Endgame KRR-KRN} Nf4+ 36. Kh4 Rg2 $1 {[%csl Gg2][%cal Rg7g5] The position is equal.} 37. Rc6+ Ke7 $1 {[%csl Gg2][%cal Rg7g5]} 38. Rc7+ Ke6 {[%csl Gg2][%cal Rg7g5]} (38... Kf6 $5 39. Rc6+ $8 Ke7 40. Rc7+ Ke6 41. Rc6+ Ke7 $11) 39. Rc6+ Ke7 $1 {[%csl Gg2][%cal Rg7g5]} 40. Rc7+ Ke6 {[%csl Gg2][%cal Rg7g5]} (40... Kf6 $5 41. Rc6+ $8 Ke7 $11) 41. Rc6+ Ke7 $1 {[%csl Gg2][%cal Rg7g5]} 42. Rc7+ Ke6 {Accuracy: White = 46%, Black = 44%.} (42... Kf6 $5 43. Rc6+ $8 Ke7 $11) 1/2-1/2

[Event "8th Palmanova Open 2019"]
[Site "Palmanova"]
[Date "2019.12.06"]
[Round "1.3"]
[White "Gregoric, Andraz"]
[Black "Lekic, Dusan"]
[Result "0-1"]
[WhiteElo "2036"]
[BlackElo "2347"]
[Annotator "RC"]
[PlyCount "140"]
[EventDate "2019.12.06"]
[EventType "swiss"]
[EventCountry "ITA"]
[SourceTitle "playchess.com"]
[Source "ChessBase"]
[SourceQuality "1"]
[TimeControl "5400+30"]

1. e4 {[%emt 0:00:00]} e5 {[%emt 0:00:00]} 2. Nf3 {[%emt 0:00:00]} Nc6 {[%emt 0:00:00]} 3. Bb5 {[%emt 0:00:00]} a6 {[%emt 0:00:05]} 4. Ba4 {[%emt 0:00:00]} Nf6 {[%emt 0:00:07]} 5. d3 {[%emt 0:00:10]} d6 {[%emt 0:01:34]} 6. h3 {[%emt 0:00:21]} b5 {[%emt 0:01:28]} 7. Bb3 {[%emt 0:00:05]} Na5 {[%emt 0:00:30]} 8. O-O {[%emt 0:01:07]} Be7 {[%emt 0:02:14]} 9. Nc3 {[%emt 0:06:14]} Bb7 {[%emt 0:06:42]} 10. Ne2 {[%emt 0:08:28]} O-O {[%emt 0:08:43]} 11. Ng3 {[%emt 0:02:08]} c5 {[%emt 0:00:11]} 12. c3 {[%emt 0:00:53]} Nxb3 {[%emt 0:04:39]} 13. axb3 {[%emt 0:00:11]} Re8 {[%emt 0:12:37]} 14. c4 {[%emt 0:05:19]} Bf8 {[%emt 0:07:01]} 15. Bg5 {[%emt 0:02:11]} h6 {[%emt 0:01:37]} 16. Be3 {[%emt 0:02:08]} bxc4 {[%emt 0:05:53]} 17. bxc4 {[%emt 0:00:14]} Bc8 {[%emt 0:00:54]} 18. Qd2 {[%emt 0:03:03]} Rb8 {[%emt 0:00:18]} 19. Rfb1 {[%emt 0:04:51]} Re7 {[%emt 0:03:20]} 20. Nh4 {[%emt 0:20:11]} Reb7 {[%emt 0:01:14]} 21. Nhf5 {[%emt 0:00:10]} Rb3 {[%emt 0:01:04]} 22. Qc2 {[%emt 0:04:28]} Kh7 {[%emt 0:02:26]} 23. Bd2 {[%emt 0:01:13]} Ne8 {[%emt 0:05:01]} 24. Ne3 {[%emt 0:02:18]} g6 {[%emt 0:01:32]} 25. Ra3 {[%emt 0:01:05]} Qb6 {[%emt 0:02:43]} 26. Ba5 {[%emt 0:02:40]} Qb7 {[%emt 0:00:11]} 27. Rxb3 {[%emt 0:00:05]} Qxb3 {[%emt 0:00:08]} 28. Qxb3 {[%emt 0:01:12]} Rxb3 {[%emt 0:00:09]} 29. Bc3 {[%emt 0:00:07]} Nc7 {[%emt 0:04:27]} 30. Kf1 {[%emt 0:01:36]} Ne6 {[%emt 0:00:27]} 31. Nd5 {[%emt 0:04:06]} Nf4 {[%emt 0:04:06]} 32. Nxf4 {[%emt 0:00:57]} exf4 {[%emt 0:00:10]} 33. Ne2 {[%emt 0:00:06]} f3 {[%emt 0:00:37]} 34. Nf4 {[%emt 0:00:33]} fxg2+ {[%emt 0:02:09]} 35. Kxg2 {[%emt 0:00:04]} Bb7 {[%emt 0:05:48]} 36. Kf1 {[%emt 0:03:54]} Bg7 {[%emt 0:00:52]} 37. Bxg7 {[%emt 0:00:07]} Kxg7 {[%emt 0:00:06]} 38. Ke2 {[%emt 0:00:08]} g5 {[%emt 0:00:31]} 39. Ng2 {[%emt 0:01:00]} f5 {[%emt 0:02:47]} 40. f3 {[%emt 0:00:20]} Bc8 {[%emt 0:01:13]} 41. h4 {[%emt 0:00:19]} fxe4 {[%emt 0:00:26]} 42. fxe4 {[%emt 0:00:05]} Bh3 {[%emt 0:02:04]} 43. Ne3 {[%emt 0:00:05]} gxh4 {[%emt 0:00:19]} 44. Kd2 {[%emt 0:01:27]} Be6 {[%emt 0:01:14]} 45. Kc2 {[%emt 0:00:18]} Rb8 {[%emt 0:01:22]} 46. Ng2 {[%emt 0:02:49]} h3 {[%emt 0:01:16]} 47. Nf4 {[%emt 0:00:10]} Kf6 {[%emt 0:00:55]} 48. Nxe6 {[%emt 0:01:43]} Kxe6 {[%emt 0:00:09]} 49. Rh1 {[%emt 0:00:05]} h5 {[%emt 0:00:31]} 50. Rxh3 {[%emt 0:00:12]} Rh8 {[%emt 0:00:05]} 51. Kc3 {[%emt 0:01:38]} h4 {[%emt 0:01:32]} 52. d4 {[%emt 0:01:56]} a5 {[%emt 0:00:28]} 53. Kd3 {[%emt 0:01:49]} cxd4 {[%emt 0:00:40]} 54. Kxd4 {[%emt 0:00:05]} Rh5 {[%emt 0:00:27]} 55. Ke3 {[%emt 0:05:54]} Ke5 {[%emt 0:00:25]} 56. b3 {[%emt 0:02:09]} Rh7 {[%emt 0:00:14]} 57. Rh2 {[%emt 0:00:40]} h3 {[%emt 0:00:12]} 58. Kf3 {[%emt 0:00:07]} Kd4 {[%emt 0:00:28]} 59. Kf4 {[%emt 0:01:40]} Rh8 {[%emt 0:04:33]} 60. Kf5 {[%emt 0:01:01]} Kc3 {[%emt 0:02:35]} 61. Ke6 {[%emt 0:05:13]} Rh6+ {[%emt 0:00:40]} 62. Kd5 {[%emt 0:00:05]} Kxb3 {[%emt 0:00:08]} 63. c5 {[%emt 0:00:07]} dxc5 {[%emt 0:00:13]} 64. Kxc5 {[%emt 0:00:04]} a4 {[%emt 0:00:15]} 65. e5 {[%emt 0:00:02]} a3 {[%emt 0:00:06]} 66. e6 {[%emt 0:00:04]} a2 {[%emt 0:00:38]} 67. Rh1 {[%emt 0:01:58]} h2 {[%emt 0:00:29]} 68. e7 {[%emt 0:00:14]} Re6 {[%emt 0:00:12]} 69. Kb5 {[%emt 0:01:28]} Rxe7 {[%emt 0:00:25]} 70. Rxh2 {[%emt 0:00:04]} Re5+ {[%emt 0:00:11]} 0-1

[Event "8th Palmanova Open 2019"]
[Site "Palmanova"]
[Date "2019.12.06"]
[Round "1.4"]
[White "Beletic, Daniel"]
[Black "Herega, Nejc"]
[Result "1-0"]
[WhiteElo "2302"]
[BlackElo "2009"]
[Annotator "NA"]
[PlyCount "81"]
[EventDate "2019.12.06"]
[EventType "swiss"]
[EventCountry "ITA"]
[SourceTitle "playchess.com"]
[Source "ChessBase"]
[SourceQuality "1"]
[TimeControl "5400+30"]

1. d4 {[%emt 0:00:00]} Nf6 {[%emt 0:00:00]} 2. Nf3 {[%emt 0:00:05]} e6 {[%emt 0:01:01]} 3. Bf4 {[%emt 0:00:43]} d5 {[%emt 0:01:14]} 4. Nbd2 {[%emt 0:00:17]} Bd6 {[%emt 0:00:27]} 5. Bg3 {[%emt 0:00:08]} O-O {[%emt 0:00:39]} 6. e3 {[%emt 0:00:13]} b6 {[%emt 0:01:52]} 7. Bd3 {[%emt 0:00:46]} Ba6 {[%emt 0:01:26]} 8. Bxa6 {[%emt 0:00:31]} Nxa6 {[%emt 0:00:09]} 9. Qe2 {[%emt 0:00:03]} Nb4 {[%emt 0:01:53]} 10. O-O {[%emt 0:00:31]} c5 {[%emt 0:01:26]} 11. c3 {[%emt 0:04:07]} Nc6 {[%emt 0:00:28]} 12. Rad1 {[%emt 0:00:53]} Bxg3 {[%emt 0:07:08]} 13. hxg3 {[%emt 0:01:00]} Qc7 {[%emt 0:00:08]} 14. Rfe1 {[%emt 0:00:26]} Rad8 {[%emt 0:04:30]} 15. Qb5 {[%emt 0:02:35]} a6 {[%emt 0:05:39]} 16. Qxa6 {[%emt 0:02:00]} Ra8 {[%emt 0:01:30]} 17. Qb5 {[%emt 0:00:14]} c4 {[%emt 0:01:26]} 18. Ne5 {[%emt 0:00:49]} Nxe5 {[%emt 0:02:29]} 19. dxe5 {[%emt 0:00:02]} Ra5 {[%emt 0:03:25]} 20. Qb4 {[%emt 0:00:53]} Nd7 {[%emt 0:03:50]} 21. Qe7 {[%emt 0:04:22]} Rxa2 {[%emt 0:05:45]} 22. e4 {[%emt 0:00:46]} Qd8 {[%emt 0:05:12]} 23. Qd6 {[%emt 0:02:04]} Nc5 {[%emt 0:04:06]} 24. Qxd8 {[%emt 0:01:32]} Rxd8 {[%emt 0:00:03]} 25. Nxc4 {[%emt 0:00:18]} b5 {[%emt 0:06:38]} 26. Nd6 {[%emt 0:00:25]} Rxb2 {[%emt 0:02:13]} 27. exd5 {[%emt 0:00:10]} Kf8 {[%emt 0:01:09]} 28. dxe6 {[%emt 0:00:24]} fxe6 {[%emt 0:00:34]} 29. Rb1 {[%emt 0:02:55]} Rxb1 {[%emt 0:03:15]} 30. Rxb1 {[%emt 0:00:03]} Nd3 {[%emt 0:00:54]} 31. f4 {[%emt 0:01:28]} g5 {[%emt 0:04:30]} 32. Nxb5 {[%emt 0:00:27]} gxf4 {[%emt 0:03:26]} 33. gxf4 {[%emt 0:00:09]} Ke7 {[%emt 0:00:14]} 34. Nd4 {[%emt 0:00:19]} Rd7 {[%emt 0:02:30]} 35. g3 {[%emt 0:00:40]} Rc7 {[%emt 0:01:46]} 36. Rb6 {[%emt 0:00:12]} Rxc3 {[%emt 0:00:54]} 37. Rb7+ {[%emt 0:00:23]} Ke8 {[%emt 0:01:01]} 38. Nxe6 {[%emt 0:00:59]} Nc1 {[%emt 0:05:40]} 39. Ng7+ {[%emt 0:01:42]} Kf8 {[%emt 0:00:41]} 40. Nf5 {[%emt 0:00:07]} Rc5 {[%emt 0:02:01]} 41. Rxh7 {[%emt 1:14:49]} 1-0

[Event "8th Palmanova Open 2019"]
[Site "Palmanova"]
[Date "2019.12.06"]
[Round "1.5"]
[White "Laco, Giuseppe"]
[Black "Trussevich, Sergey"]
[Result "0-1"]
[WhiteElo "1972"]
[BlackElo "2280"]
[Annotator "TA"]
[PlyCount "106"]
[EventDate "2019.12.06"]
[EventType "swiss"]
[EventCountry "ITA"]
[SourceTitle "playchess.com"]
[Source "ChessBase"]
[SourceQuality "1"]

{[%evp 9,106,21,17,23,44,47,47,45,49,38,68,66,88,89,79,18,100,0,50,49,44,44,48,42,80,77,73,68,67,76,75,54,74,0,-6,-8,74,72,88,80,94,34,82,-25,-18,-32,-24,-27,-15,-35,-8,-27,-30,-61,0,-18,-27,-57,-51,-80,-81,-123,-123,-120,-112,-120,-123,-119,-124,-114,-114,-114,-70,-72,-67,-69,-70,-70,-74,-74,-55,-60,-73,-86,-75,-342,-355,-423,-422,-457,-449,-727,-329,-333,-328,-331,-328,-517,-516]} 1. c4 c5 2. Nc3 e6 3. e4 d6 4. g3 Nf6 5. Bg2 a6 6. Nge2 {A18: English Opening: Flohr-Mikenas System (1 c4 Nf6 2 Nc3 e6 3 e4)} Be7 7. d4 cxd4 8. Nxd4 {White is slightly better.} Qc7 (8... O-O 9. O-O Bd7 10. b3 Nc6 11. Bb2 Nxd4 12. Qxd4 Bc6 13. Rad1 Re8 14. Rfe1 Qc7 15. Rc1 {1-0 (37) Firouzja,A (2682)-Martinez Alcantara,J (2583) chess.com INT 2019}) 9. Qe2 Nbd7 10. O-O O-O 11. f4 Re8 12. h3 $146 (12. g4 $16) ({Predecessor:} 12. Be3 Rb8 13. Rac1 g6 14. b3 Bf8 15. h3 Bg7 {1-0 (44) Snape,I (2202)-Franklin,M (2211) Coulsdon 2002}) 12... Bf8 (12... Nb6 $11 {remains equal.}) 13. Nf3 (13. g4 $16) 13... Nb6 14. Nd2 Rb8 15. Kh1 h6 16. g4 Nbd7 17. g5 hxg5 18. fxg5 Nh7 $1 19. Nf3 ({But not} 19. Qh5 Ne5 $11) 19... Ne5 20. Nxe5 dxe5 21. g6 (21. Be3 $16) 21... fxg6 $11 22. Qg4 Qe7 (22... Bc5 $11) 23. Qxg6 $16 Bd7 24. Be3 Red8 25. Bb6 (25. Qg3 $16) 25... Rdc8 $1 $14 {[#]} 26. c5 ({White should try} 26. Qh5 $1 $16) 26... Qe8 $11 27. Qxe8 Bxe8 28. b4 Nf6 29. Rf3 Bc6 30. a4 Be7 31. Rd3 Be8 (31... Nd7 $15 32. Ba5 b6 33. cxb6 Nxb6) 32. Rad1 Nh5 33. Rg1 Nf4 $36 {[%mdl 2048] Black has the initiative.} 34. Rg3 Bh4 35. Bf1 Bxg3 36. Rxg3 Kf7 37. Kg1 Kf6 38. Kf2 g5 39. Ke3 Ra8 40. Kd2 Bg6 41. Ke3 $1 Rh8 42. Nd1 $1 Bh5 43. Nf2 $1 Rh7 44. a5 Rd7 45. b5 axb5 46. Bxb5 Rd4 {Threatens to win with ...Rb4.} 47. c6 $2 {[%mdl 8192] [#]} (47. Bc7 $17) 47... bxc6 $1 $19 {[%mdl 512]} 48. Bf1 (48. Bxc6 Rc8) 48... Ra4 49. Ng4+ Bxg4 50. hxg4 (50. Rxg4 $142 Nxh3 51. Bxh3 Ra3+ 52. Kd2 Rxh3 53. Rg1) 50... R4xa5 (50... Rh8 $142 {Strongly threatening ...Rh2.} 51. Kf2 Rh1) 51. Bxa5 Rxa5 52. Kf2 Ra2+ 53. Kg1 (53. Ke1 {might work better.}) 53... Ne2+ {Accuracy: White = 46%, Black = 56%.} 0-1

[Event "8th Palmanova Open 2019"]
[Site "Palmanova"]
[Date "2019.12.06"]
[Round "1.6"]
[White "Dappiano, Andrea"]
[Black "Bozza, Gabriele"]
[Result "1/2-1/2"]
[WhiteElo "2258"]
[BlackElo "1948"]
[Annotator "NA"]
[PlyCount "60"]
[EventDate "2019.12.06"]
[EventType "swiss"]
[EventCountry "ITA"]
[SourceTitle "playchess.com"]
[Source "ChessBase"]
[SourceQuality "1"]
[TimeControl "5400+30"]

1. e4 {[%emt 0:00:00]} e5 {[%emt 0:00:00]} 2. Bc4 {[%emt 0:00:00]} Nf6 {[%emt 0:00:07]} 3. d3 {[%emt 0:00:00]} Nc6 {[%emt 0:00:15]} 4. Nc3 {[%emt 0:00:03]} Bc5 {[%emt 0:00:39]} 5. f4 {[%emt 0:00:16]} d6 {[%emt 0:00:27]} 6. Nf3 {[%emt 0:00:21]} Ng4 {[%emt 0:05:00]} 7. Qe2 {[%emt 0:00:51]} exf4 {[%emt 0:00:12]} 8. Bxf4 {[%emt 0:02:28]} Nge5 {[%emt 0:00:08]} 9. Nxe5 {[%emt 0:09:37]} Nxe5 {[%emt 0:00:22]} 10. Bxe5 {[%emt 0:08:31]} dxe5 {[%emt 0:00:07]} 11. Qh5 {[%emt 0:06:38]} O-O {[%emt 0:01:56]} 12. Qxe5 {[%emt 0:04:28]} Bd4 {[%emt 0:01:30]} 13. Qg3 {[%emt 0:03:30]} c6 {[%emt 0:01:12]} 14. Nd1 {[%emt 0:03:21]} b5 {[%emt 0:03:12]} 15. Bb3 {[%emt 0:00:04]} a5 {[%emt 0:02:37]} 16. c3 {[%emt 0:00:42]} a4 {[%emt 0:04:05]} 17. Bc2 {[%emt 0:00:12]} Qa5 {[%emt 0:06:11]} 18. Ke2 {[%emt 0:18:44]} Ba7 {[%emt 0:01:30]} 19. Ne3 {[%emt 0:01:00]} b4 {[%emt 0:06:14]} 20. c4 {[%emt 0:01:46]} Bd4 {[%emt 0:07:43]} 21. Rab1 {[%emt 0:01:31]} b3 {[%emt 0:03:50]} 22. axb3 {[%emt 0:00:53]} axb3 {[%emt 0:00:10]} 23. Bxb3 {[%emt 0:00:58]} Rb8 {[%emt 0:00:50]} 24. Bc2 {[%emt 0:02:19]} Rxb2 {[%emt 0:00:11]} 25. Rxb2 {[%emt 0:00:34]} Bxb2 {[%emt 0:00:07]} 26. Rb1 {[%emt 0:03:10]} Bd4 {[%emt 0:04:19]} 27. Bb3 {[%emt 0:10:54]} Qh5+ {[%emt 0:14:14]} 28. Kd2 {[%emt 0:02:31]} Qa5+ {[%emt 0:01:36]} 29. Ke2 {[%emt 0:00:09]} Qh5+ {[%emt 0:00:07]} 30. Kd2 {[%emt 0:06:03]} Qa5+ {[%emt 0:36:09]} 1/2-1/2

[Event "8th Palmanova Open 2019"]
[Site "Palmanova"]
[Date "2019.12.06"]
[Round "1.7"]
[White "Bordin, Silvia"]
[Black "Margl, Roland"]
[Result "0-1"]
[WhiteElo "1905"]
[BlackElo "2249"]
[Annotator "NA"]
[PlyCount "54"]
[EventDate "2019.12.06"]
[EventType "swiss"]
[EventCountry "ITA"]
[SourceTitle "playchess.com"]
[Source "ChessBase"]
[SourceQuality "1"]
[TimeControl "5400+30"]

1. e4 {[%emt 0:00:00]} c6 {[%emt 0:00:00]} 2. d4 {[%emt 0:00:00]} d5 {[%emt 0:00:00]} 3. e5 {[%emt 0:00:12]} Bf5 {[%emt 0:00:00]} 4. h4 {[%emt 0:00:22]} h5 {[%emt 0:00:00]} 5. c4 {[%emt 0:00:44]} e6 {[%emt 0:00:04]} 6. Nc3 {[%emt 0:00:33]} Ne7 {[%emt 0:00:43]} 7. cxd5 {[%emt 0:01:26]} Nxd5 {[%emt 0:01:34]} 8. Nge2 {[%emt 0:02:51]} Be7 {[%emt 0:01:05]} 9. Nxd5 {[%emt 0:01:22]} cxd5 {[%emt 0:06:17]} 10. Ng3 {[%emt 0:04:33]} Bg6 {[%emt 0:01:30]} 11. Be2 {[%emt 0:01:01]} Nc6 {[%emt 0:05:11]} 12. Nxh5 {[%emt 0:21:12]} Bxh5 {[%emt 0:12:21]} 13. Bxh5 {[%emt 0:00:17]} g6 {[%emt 0:00:06]} 14. Be2 {[%emt 0:00:18]} Rxh4 {[%emt 0:00:09]} 15. Rxh4 {[%emt 0:01:23]} Bb4+ {[%emt 0:00:08]} 16. Bd2 {[%emt 0:01:56]} Qxh4 {[%emt 0:01:21]} 17. Bxb4 {[%emt 0:01:15]} Nxb4 {[%emt 0:00:06]} 18. Qa4+ {[%emt 0:01:48]} Nc6 {[%emt 0:00:05]} 19. Bb5 {[%emt 0:05:59]} Kf8 {[%emt 0:02:57]} 20. Rd1 {[%emt 0:01:45]} Rc8 {[%emt 0:01:05]} 21. Rc1 {[%emt 0:13:39]} Qe4+ {[%emt 0:05:28]} 22. Kf1 {[%emt 0:01:36]} Kg7 {[%emt 0:00:33]} 23. Bxc6 {[%emt 0:01:59]} Rh8 {[%emt 0:01:59]} 24. Kg1 {[%emt 0:09:27]} Qh4 {[%emt 0:00:20]} 25. Kf1 {[%emt 0:04:30]} Qh1+ {[%emt 0:00:05]} 26. Ke2 {[%emt 0:00:05]} Qxc1 {[%emt 0:00:04]} 27. Be8 {[%emt 0:00:43]} Qxb2+ {[%emt 0:00:15]} 0-1

[Event "8th Palmanova Open 2019"]
[Site "Palmanova"]
[Date "2019.12.06"]
[Round "1.8"]
[White "Lumachi, Gabriele"]
[Black "Forti, Francesco"]
[Result "1-0"]
[WhiteElo "2241"]
[BlackElo "1903"]
[Annotator "TA"]
[PlyCount "83"]
[EventDate "2019.12.06"]
[EventType "swiss"]
[EventCountry "ITA"]
[SourceTitle "playchess.com"]
[Source "ChessBase"]
[SourceQuality "1"]

{[%evp 9,83,12,46,40,52,46,67,56,54,56,42,58,54,68,52,28,21,16,18,21,20,18,13,0,0,-27,-27,-29,-29,-41,-8,-8,-23,-16,0,0,74,80,162,0,0,0,34,24,65,-4,0,-12,47,54,40,17,22,1,1,0,18,25,24,0,0,0,0,0,4,4,6,0,10,0,23,26,91,70,592,558]} 1. d4 Nf6 2. Nf3 e6 3. c4 b6 4. g3 Bb7 5. Bg2 Nc6 (5... Be7 6. O-O O-O 7. Nc3 Ne4 8. Nxe4 Bxe4 9. Ne1 Bxg2 10. Nxg2 d5 11. Qa4 Qd7 12. Qxd7 Nxd7 13. cxd5 exd5 14. Nf4 Nf6 15. Nd3 c5 16. dxc5 bxc5 17. Bg5 c4 18. Nf4 h6 19. Bxf6 Bxf6 20. Rac1 Rfd8 21. Rfd1 Bxb2 22. Rc2 c3 23. Nxd5 Rac8 24. e4 Kf8 25. Rd3 Rc4 26. Re3 Rdc8 27. Kf1 Ra4 28. Nxc3 Bxc3 29. Rexc3 {½-½ (29) Mamedyarov,S (2764)-Ding,L (2805) Saint Louis 2019}) 6. O-O {E16: Queen's Indian: 4 g3 Bb7 5 Bg2 Bb4+} d5 7. cxd5 exd5 8. Ne5 $146 {White is slightly better.} ({Predecessor:} 8. Nc3 Bb4 9. Qb3 Bxc3 10. Qxc3 O-O 11. Bf4 Ne4 12. Qc2 Re8 13. Rac1 {1-0 (22) Harutyunian,T (2487)-Ks,S (1159) Al Ain 2017}) 8... Bd6 9. Nxc6 Bxc6 10. Nc3 O-O 11. Bg5 Be7 12. Qc2 Bb7 13. Rac1 h6 14. Bf4 Qd7 15. Rfd1 Rac8 16. Qd3 Rfd8 17. Rc2 c5 18. dxc5 bxc5 19. b3 d4 {[#] White must now prevent ...g5.} 20. Bxb7 Qxb7 21. Na4 Nd5 {Hoping for ...Nb4.} 22. Bd2 Qc7 (22... Nf6 $11 {remains equal.}) 23. Rdc1 $16 Bf8 (23... Qe5 $16 {might work better.}) 24. Qb5 $2 ({White should play} 24. Nxc5 $18 {Threatens to win with Ne6!} Bxc5 25. Rxc5 Qxc5 26. Rxc5 Rxc5 27. Qxd4) 24... Qe5 $1 $11 25. Qd3 Nf6 26. b4 {[%cal Ra4c5]} Nd7 27. Nb2 (27. Bf4 $14 Qe6 28. Nxc5 Nxc5 29. bxc5) 27... Re8 28. e3 {[#] aiming for exd4.} Rb8 ({Better is} 28... Rcd8 $11) 29. exd4 $14 Qxd4 30. bxc5 Bxc5 31. Qxd4 (31. Rxc5 {is more complex.} Qxb2 32. R5c2 Ne5 33. Rxb2 Nxd3 34. Rxb8 Rxb8 35. Rc3) 31... Bxd4 32. Nd3 Ne5 33. Nxe5 Bxe5 34. Re1 Bd4 35. Rxe8+ Rxe8 $11 {[%mdl 4096] Endgame KRB-KRB} 36. Kf1 Kh7 37. a4 {[%cal Ba2a4,Ba4a5,Ba5a6][%mdl 32]} Re5 38. a5 Re7 39. Rc4 Bf6 40. Be3 Rd7 (40... a6 $11) 41. a6 Bd8 $2 {[%mdl 8192]} (41... Rd6 $14) 42. Rd4 {Accuracy: White = 54%, Black = 36%.} 1-0